1061 1150 1614 1719 1909 1485 1255 1077 1407 1942 1104 1367 1294 1076 1408 1278 1490 1866 1147 1077 1109 1348 1380 1760 1141 1049 1437 1134 1477 1532 1454 1355 1238 1047 1805 1442 1689 1278 1215 1856 1740 1602 1321 1908 1949 1685 1249 1346 1260 1874 1520 1979 1105 1277 1295 1679 1038 1211 1017 1158 1559 1368 1884 1296 1108 1209 1485 1836 1445 1913 1246 1775 1872 1644 1105 1855 1647 1472 1937 1675 1938 1673 1071 1013 1622 1257 1516 1152 1017 1276 1599 1786 1354 1776 1025 1336 1335 1386 1517 BCNSPRNW ULIB Ver.6.0+V

เปลี่ยนเป็นภาษาไทย

Change to English
 แสดงรายละเอียดบรรณานุกรม
  กลับหน้าหลัก

Brief Record : Get Marc (ISO 2709) : E-mail record : QR code < ปิดหน้าต่าง
LEADER : 00000nam 2200000uu 4500
001    13399127813
003     ULIB
008    210930s2563||||th 000 0 tha d
020    ^a9786165683081
060  0 ^aWM105^bศ445ส
100    ^aศริญญา จริงมาก
245    ^aสุขภาพจิตและจิตเวช/^cศริญญา จริงมาก
260    ^aอุดรธานี :^bศักดิ์ศรีอักษรการพิมพ์,^c2563
300    ^a354 หน้า :^bภาพประกอบ
505  2 ^aแนวคิดของสุขภาพจิต--แนวคิดการเกิดโรค--ปรัชญาพื้นฐาน ทักษะการสื่อสารและหลักนิติจิตเวชศาสตร์--ความเข้าใจในพื้นฐานจิตใจ--พัฒนาการทางจิตและคุณภาพชีวิต--บุคลิกภาพ--อาการวิทยาและเกณฑ์จำแนกโรค--การวินิจฉัยและการบำบัดรักษา--ภาวะฉุกเฉินทางจิตเวช--สุขภาพจิตผู้สูงอายุ
650 04 ^aสุขภาพจิต
650  0 ^aMental health
650 04 ^aจิตเวชศาสตร์
650  0 ^aPsychiatry
945    ^p450^l0^i008263
945    ^p450^l0^i008264
945    ^p450^l0^i008265
999    ^aประนอม เกษจรัล
รายการนี้ยังไม่มีแท็ก
คุณยังไม่ได้ล็อกอิน คุณสามารถมีกิจกรรมร่วมกับเว็บไซต์ได้ แต่ต้องล็อกอินก่อน ::
  ล็อกอิน

รายการสื่อสารสนเทศ

ลำดับที่ ประเภท เลขเรียก/บาร์โค้ด สถานที่ สถานะ
1. วิทยาศาสตร์การแพทย์ และสุขภาพ
หนังสือสำรอง
สถานะ=หนังสือสำรอง
WM105 ศ445ส ฉ.1 
  Barcode: 008263
ห้องสมุดวิทยาเขตสวรรค์ประชารักษ์
►หนังสือทั่วไป
บนชั้น
2. วิทยาศาสตร์การแพทย์ และสุขภาพ
วิทยาศาสตร์การแพทย์ และสุขภาพ
WM105 ศ445ส ฉ.2 
  Barcode: 008264
ห้องสมุดวิทยาเขตสวรรค์ประชารักษ์
►หนังสือทั่วไป
บนชั้น
3. วิทยาศาสตร์การแพทย์ และสุขภาพ
วิทยาศาสตร์การแพทย์ และสุขภาพ
WM105 ศ445ส ฉ.3 
  Barcode: 008265
ห้องสมุดวิทยาเขตสวรรค์ประชารักษ์
►หนังสือทั่วไป
บนชั้น

รายการใกล้เคียง
    ผู้แต่ง [ศริญญา จริงมาก]

    หัวเรื่อง [สุขภาพจิต]
    หัวเรื่อง [Mental health]
    หัวเรื่อง [จิตเวชศาสตร์]
    หัวเรื่อง [Psychiatry]

BibComment


ยังไม่เคยถูกคอมเมนท์

คอมเมนท์ทรัพยากรรายการนี้
  คอมเมนท์: สุขภาพจิตและจิตเ..


 Copyright 2026. Bcnsprnw @Library